[Event "Paul Keres mem (28th)"]
[Site "Vancouver CAN"]
[Date "2003.05.17"]
[Round "2"]
[White "Wu, Howard"]
[Black "Yoos, John"]
[Result "0-1"]
[WhiteElo "2136"]
[BlackElo "2426"]
[PlyCount "100"]
[EventDate "2003.05.16"]
[EventType "swiss"]
[EventRounds "7"]
[EventCountry "CAN"]
[Source "Mark Crowther"]
[SourceDate "2003.05.26"]

1. e4 d6 2. d4 g6 3. Nf3 Bg7 4. Nc3 c6 5. Be3 b5 6. Bd3 Qc7 7. O-O Nd7 8. Qd2
Bb7 9. Rad1 a6 10. Ne2 c5 11. c3 Ngf6 12. Ng3 O-O 13. Bh6 e5 14. Bxg7 Kxg7 15.
Qg5 Ng8 16. Nf5+ Kh8 17. N3h4 Ndf6 18. Ng3 Rac8 19. dxc5 dxc5 20. Nhf5 Rcd8 21.
Nh6 Ne8 22. Nxg8 Kxg8 23. Nf5 f6 24. Qg3 Kh8 25. Ne3 c4 26. Bc2 Ng7 27. Qg4 Qc6
28. Rxd8 Rxd8 29. Rd1 Rxd1+ 30. Qxd1 Ne6 31. Ng4 Kg7 32. Qd2 Nf8 33. Qd8 Qe6
34. h3 h5 35. Ne3 Qd7 36. Qb6 Ne6 37. b3 cxb3 38. Bxb3 Nf4 39. Bd5 Bxd5 40.
exd5 Ne2+ 41. Kf1 Nxc3 42. d6 Ne4 43. Qxa6 Nxd6 44. g4 Ne4 45. Qa8 Ng5 46. Kg2
Ne6 47. Qe4 Nf4+ 48. Kg3 hxg4 49. hxg4 Qc8 50. Nd5 Qc6 0-1

[Event "Paul Keres mem (28th)"]
[Site "Vancouver CAN"]
[Date "2003.05.17"]
[Round "3"]
[White "Azmitia, Eduardo"]
[Black "Krzyzowski, Ernest"]
[Result "0-1"]
[WhiteElo "1794"]
[BlackElo "1811"]
[PlyCount "94"]
[EventDate "2003.05.16"]
[EventType "swiss"]
[EventRounds "7"]
[EventCountry "CAN"]
[Source "Mark Crowther"]
[SourceDate "2003.05.26"]

1. Nf3 f5 2. d4 Nf6 3. g3 e6 4. Bg2 d5 5. Nc3 c6 6. Ne5 Be7 7. Bd2 O-O 8. O-O
Nbd7 9. f4 Qe8 10. e3 Kh8 11. Qe2 Rg8 12. Nd1 Ne4 13. Nf2 Nxd2 14. Qxd2 g5 15.
Rac1 gxf4 16. exf4 Nxe5 17. dxe5 Bd8 18. Kh1 b5 19. c3 a5 20. Nd3 Bb6 21. a3
Ba6 22. b4 Qh5 23. Qd1 Qh6 24. Nf2 Rxg3 25. Nh3 Rxh3 26. Bxh3 Qxh3 27. Qf3 Qh6
28. Rc2 Rg8 29. Rg2 Rxg2 30. Kxg2 Qg6+ 31. Qg3 c5 32. Ra1 Bb7 33. Kh3 Qh5+ 34.
Qh4 Qxh4+ 35. Kxh4 Kg7 36. Kh5 cxb4 37. axb4 axb4 38. cxb4 d4 39. Rg1+ Kf7 40.
Kh6 Bd5 41. Kxh7 d3 42. Rd1 Be4 43. h4 Be3 44. h5 d2 45. h6 Bxf4 46. Kh8 Bxe5+
47. Kh7 f4# 0-1

[Event "Paul Keres mem (28th)"]
[Site "Vancouver CAN"]
[Date "2003.05.17"]
[Round "3"]
[White "Balbutin, Nelson"]
[Black "Basanta, Gary"]
[Result "0-1"]
[WhiteElo "1968"]
[BlackElo "2410"]
[PlyCount "92"]
[EventDate "2003.05.16"]
[EventType "swiss"]
[EventRounds "7"]
[EventCountry "CAN"]
[Source "Mark Crowther"]
[SourceDate "2003.05.26"]

1. c4 e5 2. Nc3 Nf6 3. g3 d5 4. cxd5 Nxd5 5. Bg2 Nb6 6. d3 Nc6 7. Nf3 Be7 8.
O-O O-O 9. a3 Bg4 10. Rb1 f5 11. b4 a6 12. b5 axb5 13. Nxb5 Kh8 14. Bb2 Bf6 15.
Qb3 Qe7 16. Bc3 Na4 17. Ba1 Nc5 18. Qa2 Rad8 19. Rfd1 e4 20. dxe4 fxe4 21. Nfd4
Ne5 22. h3 Bc8 23. Nc3 e3 24. f4 Ng6 25. Nd5 Qf7 26. Qc4 Nxf4 27. gxf4 Bxh3 28.
Nxe3 Ne6 29. Nxe6 Bxe6 30. Qe4 Rde8 31. Qf3 b6 32. Bxf6 Qxf6 33. Rb4 Bc8 34.
Nd5 Qg6 35. Rd2 Bg4 36. Qf2 Rf5 37. Nxc7 Rc5 38. Nxe8 Rc1+ 39. Kh2 Qh5+ 40. Kg3
Rh1 41. f5 Qh4+ 42. Kf4 Qxf2+ 43. Bf3 Bxf3 44. Rd8 g5+ 45. Ke5 Qe3+ 46. Kf6
Rh6+ 0-1

[Event "Paul Keres mem (28th)"]
[Site "Vancouver CAN"]
[Date "2003.05.17"]
[Round "3"]
[White "Booker, Brad"]
[Black "McCusky, Louis"]
[Result "1-0"]
[WhiteElo "2116"]
[BlackElo "1527"]
[PlyCount "61"]
[EventDate "2003.05.16"]
[EventType "swiss"]
[EventRounds "7"]
[EventCountry "CAN"]
[Source "Mark Crowther"]
[SourceDate "2003.05.26"]

1. Nf3 Nf6 2. g3 d5 3. Bg2 c5 4. O-O Nc6 5. d3 e5 6. e4 Be7 7. Nc3 dxe4 8. dxe4
Qxd1 9. Rxd1 Bg4 10. Re1 Bxf3 11. Bxf3 Nd4 12. Bd1 Rd8 13. Kg2 h6 14. Ne2 O-O
15. c3 Nc6 16. f3 a6 17. Be3 Rd7 18. Bc2 g5 19. h4 Nh7 20. hxg5 hxg5 21. Rh1
Kg7 22. g4 Nd8 23. Ng3 Ne6 24. Nf5+ Kg8 25. Bb3 Nf4+ 26. Bxf4 gxf4 27. Rad1 Rc7
28. Nh6+ Kg7 29. Bxf7 Ng5 30. Bd5 Bf6 31. Nf5+ 1-0

[Event "Paul Keres mem (28th)"]
[Site "Vancouver CAN"]
[Date "2003.05.17"]
[Round "3"]
[White "Bouvier, Jesse"]
[Black "Collins, Casey"]
[Result "1-0"]
[WhiteElo "2081"]
[BlackElo "1683"]
[PlyCount "45"]
[EventDate "2003.05.16"]
[EventType "swiss"]
[EventRounds "7"]
[EventCountry "CAN"]
[Source "Mark Crowther"]
[SourceDate "2003.05.26"]

1. e4 e5 2. Nf3 Nc6 3. Nc3 Nf6 4. d4 exd4 5. Nd5 Nxd5 6. exd5 Qe7+ 7. Be2 Ne5
8. O-O d6 9. Re1 Bd7 10. Bf4 O-O-O 11. Qxd4 Kb8 12. Nxe5 dxe5 13. Bxe5 f6 14.
Bf4 Qc5 15. Qd2 Bd6 16. Be3 Qb4 17. c3 Qh4 18. g3 Qh3 19. c4 c6 20. Qa5 b6 21.
Bxb6 axb6 22. Qxb6+ Kc8 23. dxc6 1-0

[Event "Paul Keres mem (28th)"]
[Site "Vancouver CAN"]
[Date "2003.05.17"]
[Round "3"]
[White "Davies, Lucas"]
[Black "Wu, Howard"]
[Result "0-1"]
[WhiteElo "1980"]
[BlackElo "2136"]
[PlyCount "80"]
[EventDate "2003.05.16"]
[EventType "swiss"]
[EventRounds "7"]
[EventCountry "CAN"]
[Source "Mark Crowther"]
[SourceDate "2003.05.26"]

1. e4 c5 2. Nc3 Nc6 3. g3 g6 4. Bg2 Bg7 5. d3 e6 6. Be3 Nd4 7. Qd2 d6 8. Nd1
Rb8 9. c3 Nc6 10. Ne2 Bd7 11. d4 cxd4 12. Nxd4 Ne5 13. Qe2 b5 14. O-O Nc4 15.
f4 Nxe3 16. Nxe3 e5 17. fxe5 dxe5 18. Nb3 Nf6 19. Rad1 Qb6 20. Kh1 Be6 21. c4
bxc4 22. Nxc4 Bxc4 23. Qxc4 O-O 24. Rc1 Bh6 25. Rc3 Ng4 26. Qc5 Qxc5 27. Rxc5
Be3 28. Rc2 Bb6 29. Re2 Ne3 30. Rfe1 Rfd8 31. Bh3 Nd1 32. Kg2 a5 33. Nc1 Ba7
34. b3 Bc5 35. Kf3 Bb4 36. Rg1 Rd6 37. Rc2 Rf6+ 38. Kg4 Ne3+ 39. Kg5 Be7 40.
Rc7 Rf5+ 0-1

[Event "Paul Keres mem (28th)"]
[Site "Vancouver CAN"]
[Date "2003.05.17"]
[Round "3"]
[White "Ferguson, Jim"]
[Black "Niksic, John"]
[Result "0-1"]
[WhiteElo "2186"]
[BlackElo "2058"]
[PlyCount "56"]
[EventDate "2003.05.16"]
[EventType "swiss"]
[EventRounds "7"]
[EventCountry "CAN"]
[Source "Mark Crowther"]
[SourceDate "2003.05.26"]

1. e4 e6 2. d4 d5 3. e5 c5 4. Nf3 cxd4 5. Bd3 Nc6 6. O-O Be7 7. Re1 h5 8. a3 a5
9. b3 Bd7 10. Bb2 Qb6 11. h4 Nh6 12. Qd2 g6 13. Qf4 Nf5 14. g3 O-O-O 15. Nbd2
Qc7 16. Bxf5 gxf5 17. Nxd4 Nxd4 18. Bxd4 Rdg8 19. f3 Rg6 20. b4 Rhg8 21. Nf1
Bb5 22. Bf2 Qc4 23. Qxc4+ Bxc4 24. Kh1 f4 25. gxf4 Rg2 26. Be3 Bxh4 27. Rec1
Bf2 28. Bxf2 Rxf2 0-1

[Event "Paul Keres mem (28th)"]
[Site "Vancouver CAN"]
[Date "2003.05.17"]
[Round "3"]
[White "Fullbrook, Nigel"]
[Black "Schuetzhold, Ralf"]
[Result "1/2-1/2"]
[WhiteElo "2175"]
[BlackElo "2038"]
[PlyCount "28"]
[EventDate "2003.05.16"]
[EventType "swiss"]
[EventRounds "7"]
[EventCountry "CAN"]
[Source "Mark Crowther"]
[SourceDate "2003.05.26"]

1. e4 e6 2. c4 d5 3. Nc3 dxe4 4. Nxe4 Nd7 5. d4 Ngf6 6. Nxf6+ Nxf6 7. Nf3 c5 8.
a3 cxd4 9. Qxd4 Bd7 10. Be2 Be7 11. O-O O-O 12. Rd1 Ba4 13. Qxd8 Rfxd8 14.
Rxd8+ Rxd8 1/2-1/2

[Event "Paul Keres mem (28th)"]
[Site "Vancouver CAN"]
[Date "2003.05.17"]
[Round "3"]
[White "Harris, Philip"]
[Black "Angelvette, Duane"]
[Result "1-0"]
[WhiteElo "1998"]
[BlackElo "1670"]
[PlyCount "107"]
[EventDate "2003.05.16"]
[EventType "swiss"]
[EventRounds "7"]
[EventCountry "CAN"]
[Source "Mark Crowther"]
[SourceDate "2003.05.26"]

1. d4 e6 2. c4 d5 3. Nc3 c5 4. e3 Nf6 5. Nf3 Nc6 6. Be2 a6 7. O-O Bd6 8. b3 O-O
9. Bb2 Re8 10. Rc1 Qe7 11. dxc5 Bxc5 12. cxd5 exd5 13. Nxd5 Nxd5 14. Qxd5 Ba7
15. Qg5 Qxg5 16. Nxg5 h6 17. Nf3 Bf5 18. Bxa6 bxa6 19. Rxc6 Be4 20. Rc7 Bb6 21.
Rd7 Re6 22. Rfd1 Rc8 23. R7d6 Rc6 24. Rxe6 Rxe6 25. Bd4 Ba5 26. Rc1 Bb4 27. Ne5
Bd6 28. Rc8+ Kh7 29. Nxf7 Bb4 30. f3 Bb1 31. a4 a5 32. Nd8 Re8 33. Rc7 Re7 34.
Rxe7 Bxe7 35. Nc6 Bb4 36. Nxb4 axb4 37. Bc5 Bc2 38. a5 Bxb3 39. a6 Bc4 40. a7
Bd5 41. Bxb4 Kg6 42. e4 Bb7 43. Kf2 Kf6 44. Ke3 Ke6 45. Kd4 g5 46. g3 Kf7 47.
f4 gxf4 48. gxf4 Kf6 49. Be1 h5 50. Bh4+ Ke6 51. f5+ Kf7 52. e5 Ba8 53. Kc5 Be4
54. Kb6 1-0

[Event "Paul Keres mem (28th)"]
[Site "Vancouver CAN"]
[Date "2003.05.17"]
[Round "3"]
[White "Jung, William"]
[Black "Beqo, Besnik"]
[Result "0-1"]
[WhiteElo "1808"]
[BlackElo "2211"]
[PlyCount "106"]
[EventDate "2003.05.16"]
[EventType "swiss"]
[EventRounds "7"]
[EventCountry "CAN"]
[Source "Mark Crowther"]
[SourceDate "2003.05.26"]

1. e4 c5 2. Nf3 Nc6 3. c3 d5 4. exd5 Qxd5 5. Be2 e5 6. d3 Bf5 7. c4 Qd7 8. O-O
O-O-O 9. Nc3 Bxd3 10. Bxd3 Qxd3 11. Qxd3 Rxd3 12. Ng5 Rd7 13. f4 Nf6 14. fxe5
Nxe5 15. b3 h6 16. Nge4 Nxe4 17. Nxe4 Rd4 18. Nc3 Rd7 19. Nd5 f6 20. Bb2 Bd6
21. Bc3 Nc6 22. g3 h5 23. Kg2 h4 24. Rf3 hxg3 25. hxg3 Ne7 26. Rd1 Nxd5 27.
Rxd5 Be7 28. Rfd3 Rhd8 29. Kf3 Rxd5 30. Rxd5 Rh8 31. Rd2 Kc7 32. a3 Rh1 33. b4
Rc1 34. Rd3 Bd6 35. g4 Rf1+ 36. Kg2 Rf4 37. Kh3 Rxc4 38. bxc5 Bxc5 39. Kg3 Ra4
40. Bb2 Kc6 41. Kf3 Rc4 42. Rb3 b5 43. Bc3 Bd6 44. Bd2 Rc2 45. Bb4 Be5 46. Rd3
Rc4 47. Bd2 Bd6 48. Rb3 Rc2 49. Bb4 Bxb4 50. axb4 Rc4 51. Ra3 Kb6 52. Rb3 a5
53. bxa5+ Kxa5 0-1

[Event "Paul Keres mem (28th)"]
[Site "Vancouver CAN"]
[Date "2003.05.17"]
[Round "3"]
[White "Kerry, James"]
[Black "Fleming, Balin"]
[Result "0-1"]
[WhiteElo "2016"]
[BlackElo "1974"]
[PlyCount "88"]
[EventDate "2003.05.16"]
[EventType "swiss"]
[EventRounds "7"]
[EventCountry "CAN"]
[Source "Mark Crowther"]
[SourceDate "2003.05.26"]

1. e4 c5 2. d4 cxd4 3. c3 dxc3 4. Nxc3 Nc6 5. Nf3 d6 6. Bc4 e6 7. O-O a6 8. Qe2
Qc7 9. Bf4 Nf6 10. Rfd1 Be7 11. Rac1 Qb8 12. h3 Nd7 13. Rd2 O-O 14. Rcd1 Nde5
15. Bb3 b5 16. Be3 Na5 17. Nd4 Bd7 18. f4 Nec4 19. Rc2 Nxe3 20. Qxe3 Qb7 21.
Rcd2 Rac8 22. Kh1 Nc4 23. Bxc4 Rxc4 24. e5 dxe5 25. fxe5 Bc5 26. b3 Rxd4 27.
Rxd4 Bc6 28. Qg5 Bxd4 29. Rxd4 h6 30. Qd2 Rc8 31. Rg4 Kh8 32. Ne2 Be4 33. Qe3
Bf5 34. Rg3 Qc7 35. Kh2 Qc5 36. Nd4 Bg6 37. Qf4 Qd5 38. Re3 Rc5 39. Nf3 Kg8 40.
a4 bxa4 41. Qxa4 Ra5 42. Qe8+ Kh7 43. Nh4 Bh5 44. Qb8 Qd4 0-1

[Event "Paul Keres mem (28th)"]
[Site "Vancouver CAN"]
[Date "2003.05.17"]
[Round "3"]
[White "Leblanc, Paul"]
[Black "Kosinski, George"]
[Result "1-0"]
[WhiteElo "2000"]
[BlackElo "2001"]
[PlyCount "43"]
[EventDate "2003.05.16"]
[EventType "swiss"]
[EventRounds "7"]
[EventCountry "CAN"]
[Source "Mark Crowther"]
[SourceDate "2003.05.26"]

1. d4 d6 2. e4 Nf6 3. Bd3 g6 4. f4 Bg7 5. Nf3 c5 6. c3 O-O 7. O-O cxd4 8. cxd4
Qb6 9. Kh1 Bg4 10. Nbd2 Nc6 11. Nc4 Qc7 12. Be3 Nb4 13. a3 Nxd3 14. Qxd3 Nxe4
15. Rac1 Bf5 16. Qe2 Qd7 17. Bg1 Nf6 18. Rfe1 Nd5 19. g3 b5 20. Ne3 Be4 21. Nf1
Rac8 22. Qxe4 1-0

[Event "Paul Keres mem (28th)"]
[Site "Vancouver CAN"]
[Date "2003.05.17"]
[Round "3"]
[White "Martinson, Rick"]
[Black "Steininger, Gavin"]
[Result "0-1"]
[WhiteElo "1810"]
[BlackElo "1869"]
[PlyCount "90"]
[EventDate "2003.05.16"]
[EventType "swiss"]
[EventRounds "7"]
[EventCountry "CAN"]
[Source "Mark Crowther"]
[SourceDate "2003.05.26"]

1. d4 Nf6 2. c4 g6 3. Nc3 Bg7 4. e4 d6 5. Nge2 O-O 6. Ng3 Nbd7 7. Be2 e5 8. d5
a5 9. h4 h5 10. Bg5 Nc5 11. Bxh5 gxh5 12. Nxh5 Kh8 13. Nxf6 Bxf6 14. Qh5+ Kg8
15. O-O-O Nd7 16. Ne2 Re8 17. Ng3 Nf8 18. Rd3 Nh7 19. Rf3 Bxg5+ 20. hxg5 Qxg5+
21. Kc2 Qxh5 22. Nxh5 Kf8 23. Rg3 Ke7 24. Ng7 Rh8 25. Rh6 Bd7 26. Ne6 Bxe6 27.
dxe6 Nf6 28. Rxh8 Rxh8 29. exf7 Kxf7 30. Rf3 Rh4 31. Kd3 Rf4 32. Rxf4 exf4 33.
f3 Ke6 34. b3 Ke5 35. a3 c6 36. b4 b6 37. Kc3 c5 38. bxc5 bxc5 39. Kd3 Ng8 40.
Kc3 Ne7 41. Kd3 Ng6 42. Kc3 Nh4 43. Kd3 Nxg2 44. Ke2 Kd4 45. Kf2 Ne3 0-1

[Event "Paul Keres mem (28th)"]
[Site "Vancouver CAN"]
[Date "2003.05.17"]
[Round "3"]
[White "Moura, Eduardo"]
[Black "Chapman, Erik"]
[Result "1/2-1/2"]
[WhiteElo "2146"]
[BlackElo "2021"]
[PlyCount "23"]
[EventDate "2003.05.16"]
[EventType "swiss"]
[EventRounds "7"]
[EventCountry "CAN"]
[Source "Mark Crowther"]
[SourceDate "2003.05.26"]

1. e4 c5 2. Nf3 Nc6 3. d4 cxd4 4. Nxd4 Nf6 5. Nc3 e5 6. Ndb5 d6 7. Nd5 Nxd5 8.
exd5 Ne7 9. c4 a6 10. Nc3 Bf5 11. Be2 Ng6 12. O-O 1/2-1/2

[Event "Paul Keres mem (28th)"]
[Site "Vancouver CAN"]
[Date "2003.05.17"]
[Round "3"]
[White "Neufahrt, Gerhard"]
[Black "Kostadinov, Georgi"]
[Result "0-1"]
[WhiteElo "2044"]
[BlackElo "2188"]
[PlyCount "68"]
[EventDate "2003.05.16"]
[EventType "swiss"]
[EventRounds "7"]
[EventCountry "CAN"]
[Source "Mark Crowther"]
[SourceDate "2003.05.26"]

1. d4 c5 2. c3 d5 3. Bf4 Nc6 4. e3 Nf6 5. Bd3 e6 6. Nf3 Bd6 7. Bg3 Ne4 8. Bxd6
Qxd6 9. Nbd2 f5 10. Bc2 O-O 11. dxc5 Nxc5 12. Nd4 e5 13. N4b3 b6 14. O-O Ba6
15. Re1 Rad8 16. Nf3 e4 17. Nfd4 Ne5 18. Nxc5 bxc5 19. Ne2 Bxe2 20. Qxe2 Ng4
21. f4 d4 22. exd4 cxd4 23. h3 d3 24. Bb3+ Kh8 25. Qf1 Qb6+ 26. Kh1 Rf6 27. g3
Rh6 28. h4 e3 29. Kg2 a5 30. Rab1 e2 31. Qg1 Qc6+ 32. Kh3 Qf3 33. Qc5 Rxh4+ 34.
Kxh4 Ne3 0-1

[Event "Paul Keres mem (28th)"]
[Site "Vancouver CAN"]
[Date "2003.05.17"]
[Round "3"]
[White "Orlov, Georgi"]
[Black "Neven, Knut"]
[Result "1-0"]
[WhiteElo "2583"]
[BlackElo "2305"]
[PlyCount "41"]
[EventDate "2003.05.16"]
[EventType "swiss"]
[EventRounds "7"]
[EventCountry "CAN"]
[Source "Mark Crowther"]
[SourceDate "2003.05.26"]

1. d4 Nf6 2. Nf3 g6 3. c4 Bg7 4. Nc3 d5 5. Bf4 O-O 6. Rc1 c6 7. e3 Qa5 8. Bd3
dxc4 9. Bxc4 Bg4 10. h3 Bxf3 11. Qxf3 Nbd7 12. Qe2 Rfe8 13. O-O e5 14. dxe5
Nxe5 15. Bb3 Nfd7 16. Ne4 Qb4 17. Qc2 Nf6 18. Nc5 Nfd7 19. Bxe5 Nxc5 20. Bxg7
Nxb3 21. Bc3 1-0

[Event "Paul Keres mem (28th)"]
[Site "Vancouver CAN"]
[Date "2003.05.17"]
[Round "3"]
[White "Pacheco, Sigfrido"]
[Black "Spears, Nicholas"]
[Result "1-0"]
[WhiteElo "2115"]
[BlackElo "2212"]
[PlyCount "175"]
[EventDate "2003.05.16"]
[EventType "swiss"]
[EventRounds "7"]
[EventCountry "CAN"]
[Source "Mark Crowther"]
[SourceDate "2003.05.26"]

1. e4 e5 2. Nf3 Nf6 3. Nxe5 Nxe4 4. Qe2 Qe7 5. Qxe4 d6 6. d4 dxe5 7. Qxe5 Qxe5+
8. dxe5 Bf5 9. c3 Nd7 10. Bf4 O-O-O 11. Bc4 Nc5 12. Nd2 Nd3+ 13. Bxd3 Bxd3 14.
O-O-O h6 15. Rhe1 g5 16. Bg3 Bg7 17. Nf3 Bc4 18. b3 Bd5 19. Kc2 Rhe8 20. c4 Bc6
21. Rxd8+ Kxd8 22. h4 g4 23. Nh2 h5 24. f3 Re6 25. Re2 gxf3 26. Nxf3 Rg6 27.
Ng5 Ke7 28. Rf2 Be8 29. Bf4 Rc6 30. Ne4 b5 31. Kd3 bxc4+ 32. bxc4 Ra6 33. Kd4
Ra5 34. Bg5+ Kf8 35. Nf6 Bc6 36. Rb2 Bxf6 37. exf6 Kg8 38. g3 Kh7 39. Bf4 Rf5
40. Be5 Bh1 41. Rb5 Kg6 42. Rc5 c6 43. Ra5 Bg2 44. c5 Rf1 45. Rxa7 Kf5 46. Bd6
Kxf6 47. a4 Ra1 48. Kc3 Bd5 49. Kb4 Rb1+ 50. Ka5 Bf3 51. Ra6 Ke6 52. Rb6 Ra1
53. Rb4 Bd1 54. Rf4 f5 55. Rf1 Kd7 56. Rf4 Ke6 57. Rd4 Bc2 58. Bf4 Ke7 59. Bg5+
Ke8 60. Rd8+ Kf7 61. Rd7+ Ke8 62. Rd4 Kf7 63. Bd2 Ra3 64. Rc4 Bd1 65. Rc3 Ra2
66. Bf4 Bxa4 67. Kb6 Rb2+ 68. Kc7 Re2 69. Be3 Ke6 70. Bf4 Re4 71. Rd3 Ke7 72.
Bg5+ Ke8 73. Rd8+ Kf7 74. Rh8 Bd1 75. Kxc6 Bf3 76. Kb5 Re5 77. Rh6 Re6 78. Rh7+
Ke8 79. Rc7 Be2+ 80. Ka5 Ra6+ 81. Kb4 Re6 82. c6 Bf3 83. Kc5 Re5+ 84. Kd6 Re1
85. Rc8+ Kf7 86. c7 Re6+ 87. Kc5 Rc6+ 88. Kd4 1-0

[Event "Paul Keres mem (28th)"]
[Site "Vancouver CAN"]
[Date "2003.05.17"]
[Round "3"]
[White "Poitras, Luc"]
[Black "Franett, Michael"]
[Result "1/2-1/2"]
[WhiteElo "2233"]
[BlackElo "2095"]
[PlyCount "80"]
[EventDate "2003.05.16"]
[EventType "swiss"]
[EventRounds "7"]
[EventCountry "CAN"]
[Source "Mark Crowther"]
[SourceDate "2003.05.26"]

1. e4 d6 2. d4 Nf6 3. Nc3 e5 4. dxe5 dxe5 5. Qxd8+ Kxd8 6. Bg5 Be6 7. O-O-O+
Nbd7 8. h3 Bd6 9. g3 h6 10. Be3 g5 11. f3 Ke7 12. h4 Rhg8 13. hxg5 hxg5 14. Kb1
a6 15. Nge2 b5 16. Nc1 Bc5 17. Bd2 g4 18. f4 exf4 19. Bxf4 Bd6 20. Bg2 Ne5 21.
Nd3 Nfd7 22. Rh5 Nxd3 23. cxd3 Raf8 24. d4 f6 25. Rdh1 Kd8 26. Nd1 Bf7 27. R5h4
Be7 28. Rh6 Re8 29. Nf2 Bf8 30. R6h4 f5 31. Rc1 c5 32. dxc5 Nxc5 33. Rhh1 Nxe4
34. Rhd1+ Ke7 35. Nxe4 fxe4 36. Bxe4 Kf6 37. Rc6+ Re6 38. Rdc1 Bg6 39. Bg5+ Ke5
40. Bf4+ Kf6 1/2-1/2

[Event "Paul Keres mem (28th)"]
[Site "Vancouver CAN"]
[Date "2003.05.17"]
[Round "3"]
[White "Tang, Edward"]
[Black "Stanford, Mike"]
[Result "1/2-1/2"]
[WhiteElo "1855"]
[BlackElo "2192"]
[PlyCount "44"]
[EventDate "2003.05.16"]
[EventType "swiss"]
[EventRounds "7"]
[EventCountry "CAN"]
[Source "Mark Crowther"]
[SourceDate "2003.05.26"]

1. d4 Nf6 2. Nf3 e6 3. e3 c5 4. Bd3 a6 5. O-O b6 6. c3 Bb7 7. Nbd2 Nc6 8. e4 d6
9. Re1 Be7 10. Nf1 cxd4 11. cxd4 e5 12. d5 Nb8 13. Ng3 g6 14. Bh6 Ng4 15. Bd2
O-O 16. h3 Nf6 17. Nh2 Nbd7 18. f4 exf4 19. Bxf4 Ne8 20. Ng4 Bg5 21. Qd2 Bxf4
22. Qxf4 Qe7 1/2-1/2

[Event "Paul Keres mem (28th)"]
[Site "Vancouver CAN"]
[Date "2003.05.17"]
[Round "3"]
[White "Tegzes, Laszlo"]
[Black "Oszvald, Joseph"]
[Result "1/2-1/2"]
[WhiteElo "2178"]
[BlackElo "2097"]
[PlyCount "20"]
[EventDate "2003.05.16"]
[EventType "swiss"]
[EventRounds "7"]
[EventCountry "CAN"]
[Source "Mark Crowther"]
[SourceDate "2003.05.26"]

1. d4 Nf6 2. c4 g6 3. Nc3 c5 4. d5 d6 5. Nf3 Bg7 6. e4 O-O 7. Be2 e6 8. O-O
exd5 9. exd5 a6 10. a4 Nbd7 1/2-1/2

[Event "Paul Keres mem (28th)"]
[Site "Vancouver CAN"]
[Date "2003.05.17"]
[Round "3"]
[White "Van Riemsdijk, Herman"]
[Black "Griffiths, Morgan"]
[Result "1-0"]
[WhiteElo "2393"]
[BlackElo "2181"]
[PlyCount "107"]
[EventDate "2003.05.16"]
[EventType "swiss"]
[EventRounds "7"]
[EventCountry "CAN"]
[Source "Mark Crowther"]
[SourceDate "2003.05.26"]

1. e4 d6 2. d4 Nf6 3. Nc3 g6 4. g3 Bg7 5. Bg2 O-O 6. Nge2 e5 7. h3 c6 8. a4 Na6
9. O-O exd4 10. Nxd4 Nb4 11. Re1 Re8 12. Kh2 d5 13. e5 Nd7 14. f4 Nf8 15. Nce2
f6 16. exf6 Bxf6 17. c3 Bxd4 18. Nxd4 Rxe1 19. Qxe1 Nd3 20. Qd2 Nxc1 21. Rxc1
Qa5 22. b3 Bd7 23. Nf3 Re8 24. Ne5 Be6 25. Re1 Rd8 26. Qc2 d4 27. b4 Qc7 28. a5
dxc3 29. Qxc3 a6 30. Bf3 Rd6 31. Nd3 Qd8 32. Nc5 Rd2+ 33. Kg1 Bxh3 34. Nxb7
Qd4+ 35. Qxd4 Rxd4 36. Re4 Rd3 37. Kf2 Nd7 38. Be2 Rd2 39. Ke3 Rb2 40. Bxa6 Nf6
41. Bc4+ Kf8 42. a6 Rxb4 43. Nc5 Rb8 44. Ne6+ Ke7 45. a7 Rh8 46. Nf8+ Nxe4 47.
a8=Q Rxf8 48. Qb7+ Bd7 49. Kxe4 Rf5 50. g4 Rf8 51. Ke5 Re8 52. Be6 Rd8 53. Qb4+
Ke8 54. Kf6 1-0

[Event "Paul Keres mem (28th)"]
[Site "Vancouver CAN"]
[Date "2003.05.17"]
[Round "3"]
[White "Yoos, John"]
[Black "Milicevic, Dragoljub"]
[Result "1-0"]
[WhiteElo "2426"]
[BlackElo "2224"]
[PlyCount "113"]
[EventDate "2003.05.16"]
[EventType "swiss"]
[EventRounds "7"]
[EventCountry "CAN"]
[Source "Mark Crowther"]
[SourceDate "2003.05.26"]

1. e4 e5 2. f4 exf4 3. Nf3 g5 4. Bc4 Bg7 5. d4 d6 6. h4 h6 7. c3 c6 8. O-O Nd7
9. a4 Nb6 10. Bd3 Be6 11. Nbd2 g4 12. a5 Nd7 13. Ne1 Qxh4 14. Rxf4 h5 15. Nc4
Qe7 16. Ne3 Ngf6 17. N1c2 Bh6 18. Rf1 O-O-O 19. a6 b6 20. Nb4 Nb8 21. d5 c5 22.
dxe6 fxe6 23. Nbc2 Nc6 24. Nc4 Nd7 25. Bxh6 Rxh6 26. Qd2 Rhh8 27. N2a3 Nce5 28.
Be2 Rdg8 29. Qxd6 Qxd6 30. Nxd6+ Kb8 31. Nac4 Rh7 32. Nxe5 Nxe5 33. Nc4 Ng6 34.
Rad1 e5 35. Ne3 Nf4 36. Bc4 Re8 37. Nd5 Rf8 38. g3 Nh3+ 39. Kg2 Rhf7 40. Rxf7
Rxf7 41. Rf1 Rxf1 42. Bxf1 Ng5 43. Nf6 Kc7 44. Bd3 Kc6 45. Nxh5 c4 46. Bc2 Kb5
47. Nf6 Nf3 48. Kf2 Kxa6 49. Nxg4 Ng5 50. Nxe5 b5 51. Nf3 Ne6 52. g4 Kb6 53. g5
a5 54. g6 Kc5 55. Nd4 Ng7 56. Nf5 Ne6 57. g7 1-0

[Event "Paul Keres mem (28th)"]
[Site "Vancouver CAN"]
[Date "2003.05.18"]
[Round "4"]
[White "Basanta, Gary"]
[Black "Orlov, Georgi"]
[Result "0-1"]
[WhiteElo "2410"]
[BlackElo "2583"]
[PlyCount "106"]
[EventDate "2003.05.16"]
[EventType "swiss"]
[EventRounds "7"]
[EventCountry "CAN"]
[Source "Mark Crowther"]
[SourceDate "2003.05.26"]

1. e4 d6 2. Nc3 Nf6 3. Be2 c5 4. Nf3 e5 5. O-O Be7 6. Bb5+ Nc6 7. d3 O-O 8.
Bxc6 bxc6 9. h3 Ne8 10. Nh2 Nc7 11. f4 exf4 12. Bxf4 Ne6 13. Bd2 c4 14. Be3
cxd3 15. cxd3 Bg5 16. Qf3 Rb8 17. Rf2 Qa5 18. Rd1 Bh4 19. Rfd2 Bf6 20. Ng4 Bd4
21. Qg3 Qc5 22. Kh1 Bxe3 23. Nxe3 Qe5 24. Qf2 Qf4 25. Qg1 Nc5 26. Rf1 Qh6 27.
d4 Ne6 28. d5 cxd5 29. Rxd5 Nf4 30. Nf5 Qg5 31. Ne7+ Qxe7 32. Rxf4 Rxb2 33. Qd4
Rc2 34. Rh5 Be6 35. Qd3 Rc1+ 36. Kh2 g6 37. Nd5 Bxd5 38. Rxd5 Rc5 39. Rxd6 Qe5
40. Rdf6 Rc6 41. Rxc6 Qxf4+ 42. Qg3 Qxe4 43. Rc7 a5 44. Ra7 Ra8 45. Rc7 Re8 46.
Ra7 Qd5 47. a4 Re2 48. Qb8+ Kg7 49. Qg3 Rc2 50. Re7 Ra2 51. Ra7 h5 52. Kh1 h4
53. Qg4 Ra1+ 0-1

[Event "Paul Keres mem (28th)"]
[Site "Vancouver CAN"]
[Date "2003.05.18"]
[Round "4"]
[White "Beqo, Besnik"]
[Black "Harris, Philip"]
[Result "1-0"]
[WhiteElo "2211"]
[BlackElo "1998"]
[PlyCount "43"]
[EventDate "2003.05.16"]
[EventType "swiss"]
[EventRounds "7"]
[EventCountry "CAN"]
[Source "Mark Crowther"]
[SourceDate "2003.05.26"]

1. e4 c6 2. d4 d5 3. Nd2 dxe4 4. Nxe4 Nf6 5. Nxf6+ gxf6 6. c3 Bf5 7. Bc4 e6 8.
Qf3 Bd6 9. Ne2 Bg6 10. h4 h5 11. Bf4 f5 12. O-O-O Qc7 13. Qg3 Ke7 14. Rhe1 Nd7
15. Bxd6+ Qxd6 16. Nf4 Nf8 17. d5 Qc5 18. Qg5+ Kd7 19. Nd3 Qe7 20. dxc6+ bxc6
21. Qf4 Rc8 22. Qd4+ 1-0